Geography Analogies #7 - Statistics

General Stats
  • This quiz has been taken 905 times
  • The average score is 6 of 15
Answer Stats
Hint Answer % Correct
Hispaniola is to Haiti & the Dominican Republic as Borneo is to Malaysia, Indonesia and ______ Brunei
82%
The Mekong is to Vientiane as the ______ is to Budapest Danube
73%
Guadaloupe is to ______ as Guam is to the USA France
71%
Francisco Pizarro is to the Incan Empire what Hernan Cortes was to the _____ Empire Aztec
69%
Rangoon is to Yangon as _____ is to Myanmar Burma
66%
_____ is to Nigeria as Yangon is to Myanmar Lagos
66%
Constantinople is to Istanbul as ______ is to HoChiMinh City Saigon
61%
1776 is to the USA as 1867 is to ______ Canada
36%
_____ is to PNG & Indonesia as Timor is to East Timor and Indonesia Papua
32%
South West Africa is to Namibia as ________ is to Zimbabwe Rhodesia
31%
______ is to Korean as cyrillic is to Russian Hangul
10%
_______ is to Greece as Kyoto is to Japan Nafplio
2%
Stanleyville is to Kisangani as Pretoria is to _______ Tshwane
2%
The _______ __________ is to Ethiopia as Death Valley is to the USA Danakil Depression
1%
Laguna Colorada is to Bolivia as ____ ______ is to Tanzania Lake Natron
0%
No matching quizzes found
Score Distribution
Percent of People with Each Score
Percentile by Number Answered
Your Score History
You have not taken this quiz